Claudius bůh a jeho žena Messalina /
Uloženo v:
| Hlavní autor: | |
|---|---|
| Další autoři: | |
| Médium: | Kniha |
| Jazyk: | Czech |
| Vydáno: |
Praha :
Odeon,
1972
|
| Vydání: | 1. vyd. |
| Edice: | Edice AAA
|
| Témata: | |
| Celkem bylo vypůjčeno: | 6x |
| Tagy: |
Žádné tagy |
| LEADER | 01095nam a2200265 a 4500 | ||
|---|---|---|---|
| 001 | 34412 | ||
| 005 | 20240819113556.0 | ||
| 008 | 960924s1972----xr ---------u-------cze-d | ||
| 015 | |a cnb000438025 | ||
| 020 | |c 28.00 Kč | ||
| 040 | |a UOG502 |e AACR2 |9 1 |b cze | ||
| 041 | 1 | |a cze |h eng | |
| 100 | 1 | |a Graves, Robert, |d 1895-1985 |7 jn19990002848 |4 aut |9 14553 | |
| 245 | 1 | 0 | |a Claudius bůh a jeho žena Messalina / |c Robert Graves ; [z angl. orig. přel. J. Jindrová-Špilarová] |
| 250 | |a 1. vyd. | ||
| 260 | |a Praha : |b Odeon, |c 1972 | ||
| 300 | |a 427 s. | ||
| 490 | 1 | |a Edice AAA | |
| 653 | |a starověk |a Řím (Itálie) |a dějiny |a císaři |a Claudius Tiberius Nero Germanicus, římský císař, 10 př. Kr.-54 po Kr. |a Messalina |a psychologické romány |a životopisné romány |a historické romány |a anglická literatura | ||
| 700 | 1 | |a Jindrová, Alena, |d 1929-2016 |7 jk01051752 |4 trl |9 113827 | |
| 830 | 0 | |a Edice AAA | |
| 910 | |a UOG502 | ||
| 999 | |c 34412 |d 34412 | ||
| 942 | 0 | 0 | |0 4 |
| 993 | |0 0 |1 421180025318 |4 0 |7 0 |9 15180 |b 0 |c 25318 |d 1996-09-24 |e 6 |f SKLAD |h 28.00 |l SKLAD |m 3 |r 2022-04-20 |s 2022-02-16 |t 6 |w 2017-09-19 |y KN |z BELET | ||